000 01098nam2a22002411 4500
001 rc\3503769
005 20260417150411.0
035 _a(NLR Aleph) 007614365
090 _a5852039
_c5852039
100 _a20130115d1974 u y0rusy50 ca
101 0 _arus
102 _aRU
105 _ay z |||||
200 1 _aПодготовка кормов и организация рационального кормления животных в стойловый период
210 _aВолгоград
_cНиж.-Волж. кн. изд-во
_d1974]
461 0 _1001rc\3503761
_12001#$aБиблиотечка животновода$eГ1-10$v[8]
_95851956
_cВолгоград
_d1974]
_nНиж.-Волж. кн. изд-во
_oГ1-10
_p10 бр. в обертке
_tБиблиотечка животновода
_v[8]
700 1 _7ca
_8rus
_aКуликов
_bВ. М.
_cд-р с.-х. наук
_f1925-2004
_gВладимир Михайлович
_9157370
_3RU\NLR\AUTH\770157410
801 0 _aRU
_bNLR
_gpsbo
801 1 _aRU
_bELAR
_2rusmarc
852 _aNLR
_j74-4/23530
942 _cBOOK
980 _aNB